Statistics for Last Names from The Office (US)

Click here to take the quiz!

General Stats

  • This quiz has been taken 9,452 times
  • The average score is 16 of 24

Answer Stats

First Name Last Name % Correct
MichaelScott
97%
DwightSchrute
96%
JimHalpert
91%
Pam †Beesley
87%
AndyBernard
76%
KellyKapoor
74%
PhyllisVance / Lapin
73%
AngelaMartin
69%
CreedBratton
69%
TobyFlenderson
67%
ToddPacker
65%
OscarMartinez
64%
DavidWallace
64%
StanleyHudson
63%
RyanHoward
62%
KevinMalone
61%
KarenFilippelli
60%
HollyFlax
58%
JanLevenson
57%
MeredithPalmer
56%
DarrylPhilbin
51%
GabeLewis
41%
JoBennett
40%
ErinHannon
35%

Score Distribution

Percentile by Number Answered

Percent of People with Each Score

Your Score History

You have not taken this quiz